Comparison of plant spacing on chinese cabbage at the royal university of agriculture, ប្រៀបធៀបចន្លោះគុម្ពលើដំណាំស្ពៃក្រញ៉ាញ់ក្នុងលក្ខខ័ណ្ឌសាកលវិទ្យាល័យភូមិន្ទកសិកម្ម​, (Record no. 3192)

000 -LEADER
fixed length control field 00695nam a22001577a 4500
003 - CONTROL NUMBER IDENTIFIER
control field OSt
005 - DATE AND TIME OF LATEST TRANSACTION
control field 20151105162855.0
008 - FIXED-LENGTH DATA ELEMENTS--GENERAL INFORMATION
fixed length control field 151105b xxu||||| |||| 00| 0 eng d
040 ## - CATALOGING SOURCE
Transcribing agency RUA
082 ## - DEWEY DECIMAL CLASSIFICATION NUMBER
Classification number AGR MAN 2005 B031 Or.1
100 ## - MAIN ENTRY--PERSONAL NAME
9 (RLIN) 3422
Personal name MANN MONIKA
245 ## - TITLE STATEMENT
Title Comparison of plant spacing on chinese cabbage at the royal university of agriculture, ប្រៀបធៀបចន្លោះគុម្ពលើដំណាំស្ពៃក្រញ៉ាញ់ក្នុងលក្ខខ័ណ្ឌសាកលវិទ្យាល័យភូមិន្ទកសិកម្ម​,
260 ## - PUBLICATION, DISTRIBUTION, ETC. (IMPRINT)
Place of publication, distribution, etc. Phnom Penh
Name of publisher, distributor, etc. RUA
Date of publication, distribution, etc. 2005
300 ## - PHYSICAL DESCRIPTION
Extent ix; 42p.
Other physical details ill.
Dimensions 29cm.
942 ## - ADDED ENTRY ELEMENTS (KOHA)
Source of classification or shelving scheme
Koha item type AGR
Holdings
Price effective from Date last seen Permanent Location Not for loan Date acquired Source of classification or shelving scheme Koha item type Lost status Withdrawn status Date last checked out Total Checkouts Shelving location Damaged status Barcode Current Location Full call number
2015-11-052017-08-02Library Block B 2015-11-05 AGR  2017-02-134B031 RUA036863Library Block BAGR MAN 2005 B031 Or.1
2016-01-252024-05-23Library Block B 2016-01-25 AGR  2024-04-3011  RUA047640Library Block BAGR MAN 2005 B031 Or.2
មជ្ឈមណ្ឌលឯការនៃសាកលវិទ្យាល័យភូមិន្ទកសិកម្មចំការដូង

Powered by Koha